LEADER 01056nam0-22003011i-450- 001 990004455080403321 005 20160223123720.0 035 $a000445508 035 $aFED01000445508 035 $a(Aleph)000445508FED01 035 $a000445508 100 $a19990604f19501970km-y0itay50------ba 101 0 $aita 105 $aac------00--- 200 1 $aCroce d'oro tra le sbarre$e(Nel racconto del detenuto della cella n. 4)$fGaetano Pollio$gpresentazione del prof. Gastone Lambertini 210 $aNapoli$cP.I.M.E.$d[1961?] 215 $a10, 247 p., [32] c. di tav.$cill.$d22 cm 300 $aSul front.: S.E. Mons. Gaetano Pollio, arcivescovo metropolita di Otranto, primate del Salento, già arcivescovo metropolita di Kaifeng in Cina 676 $a200.92 700 1$aPollio,$bGaetano$0177662 702 1$aLambertini,$bGastone 801 0$aIT$bUNINA$gRICA$2UNIMARC 901 $aBK 912 $a990004455080403321 952 $a200.92 POL 1$bBibl. 36114$fFLFBC 959 $aFLFBC 996 $aCroce d'oro tra le sbarre$9544298 997 $aUNINA LEADER 00948nam0-22003251i-450- 001 990007897000403321 005 20050427120035.0 010 $a88-8490-547-8 035 $a000789700 035 $aFED01000789700 035 $a(Aleph)000789700FED01 035 $a000789700 100 $a20040617d2004----km-y0itay50------ba 101 0 $aita 102 $aIT 105 $ay-------001yy 200 1 $a<>appropriazione indebita$el'uso del corpo della donna nella nuova legge sulla procreazione assistita 210 $aMilano$cBaldini Castoldi Dalai$d2004 215 $a332 p.$d21 cm 225 1 $a<>mele$v20 610 0 $aFecondazione artificiale$aAspetti giuridici 676 $a344.450 419$v20$zita 676 $a176$v20$zita 801 0$aIT$bUNINA$gRICA$2UNIMARC 901 $aBK 912 $a990007897000403321 952 $aA-I-A-364$b13060$fDDRC 959 $aDDRC 996 $aAppropriazione indebita$9667863 997 $aUNINA